000 00851nam a2200265 i 4500
001 000038604
003 DO-SdBNP
005 20240229073823.0
007 ta
008 130416s1996 dr 000 0 spa d
040 _aDO-SdBNP
_bspa
_cBNPHU
_erda
082 4 _222
_a346.7293
_bS941t
100 1 _aSubero Isa, Jorge A.,
_d1947-
_976863
245 1 0 _aTratado práctico de responsabilidad civil dominicana /
_cJorge A. Subero Isa.
250 _a3ra. edición, ampliada, corregida y actualizada
264 _aSanto Domingo :
_bDalis,
_c1996
300 _a393 paginas ;
_c23 cm.
336 _2rdacontent
_atexto
_btxt
337 _2rdamedia
_asin mediación
_bn
338 _2rdacarrier
_avolumen
_bnc
590 _aInventariado, 2023 / DG
650 4 _aDerecho civil
_xLegislación
_zRepública Dominicana
_96943
910 _aDG
942 _2ddc
_cLBS1
999 _c53400
_d53400